00640nam a22001937a 450000500170000000800410001702000180005804000210007604100080009708200160010510000320012124501180015325000120027126000340028330000100031765000630032770000260039070000300041620250910073349.0250910b |||||||| |||| 00| 0 eng d a9788198823861 aIN-DiNCcIN-DiNC dasm a370.54bCHA aChaliha, Beda Kumareauthor aPrak swadhinatakalin Bharatar shikshar bikash (Major9)/cby Beda Kumar Chaliha, Tarun Saikia and Runu Bora Saikia a1st ed. aJorhat:bBidya bhawan,c2025. a280p. aDevelopment of education in pre-independent India (Major9) aSaikia, Taruneauthor aSaikia, Runu Boraeauthor